书目信息 |
| 题名: |
2024年国家法律职业资格考试通用教材
|
|
| 作者: | 兰燕卓 编著 | |
| 分册: | 第三册 行政法与行政诉讼法 | |
| 出版信息: | 北京 中国政法大学出版社 2024 |
|
| 页数: | 283页 | |
| 开本: | 26cm | |
| 丛书名: | ||
| 单 册: | ||
| 中图分类: | D920.4 , D9 | |
| 科图分类: | ||
| 主题词: | 行政法--中国--资格考试--教材 , 行政诉讼法--中国--资格考试--教材 , 法律 | |
| 电子资源: | ||
| ISBN: | 978-7-5764-1273-4 | |
| 000 | 01710nam0 2200301 450 | |
| 001 | 012024000062 | |
| 005 | 20240925153122.76 | |
| 010 | @a978-7-5764-1273-4@dCNY62.00 | |
| 100 | @a20240924d2024 em y0chiy50 ea | |
| 101 | 0 | @achi |
| 102 | @aCN@b110000 | |
| 105 | @ak z 000yy | |
| 106 | @ar | |
| 200 | 1 | @a2024年国家法律职业资格考试通用教材@A2024 nian guo jia fa lu zhi ye zi ge kao shi tong yong jiao cai@h第三册@i行政法与行政诉讼法@f兰燕卓编著 |
| 210 | @a北京@c中国政法大学出版社@d2024 | |
| 215 | @a283页@d26cm | |
| 300 | @a法大法考 兰燕卓讲行政法 | |
| 314 | @a兰燕卓,副教授,硕士生导师。中国政法大学法学博士,政治学博士后。具有丰富的法考培训经验,考点把握精准,擅长将繁杂考点系统化、明晰化,有效挖掘考点的关联性;授课重点突出,知识体系清晰,课堂气氛轻松活跃,有效提高备考效率。 | |
| 330 | @a本书为行政法与行政诉讼法部分。第一章:行政法基础理论,第二章:行政行为理论,第三章:公务员法,第四章:行政处罚(行政处罚的总则、行政处罚的种类与设定、行政处罚的程序、治安管理处罚法),第五章:行政许可,第六章:行政强制法,第七章:政府信息公开条例,第八章:行政复议法,第九章:行政诉讼法,第十章:国家赔偿法(国家赔偿的构成要件与归责原则、行政赔偿、刑事赔偿、国家赔偿的方式和标准。本书严格按照国家统一法律职业资格考试大纲编撰,体系完整,编排得当,重点突出。全书渗透着参编教师多年的教学经验,体现着对法律职业资格考试规律和应考学科知识的深刻理解和把握。 | |
| 517 | 1 | @a行政法与行政诉讼法@Axing zheng fa yu xing zheng su song fa |
| 606 | 0 | @a行政法@y中国@x资格考试@j教材 |
| 606 | 0 | @a行政诉讼法@y中国@x资格考试@j教材 |
| 606 | 0 | @a法律 |
| 690 | @aD920.4@v5 | |
| 690 | @aD9@v4 | |
| 701 | 0 | @a兰燕卓@Alan yan zhuo@4编著 |
| 801 | 0 | @aCN@bAHXH@c20240924 |
| 905 | @b214131900@b214131919@b214131928@b214131937@b214131946@dD9@e920:3@f5 | |
| 2024年国家法律职业资格考试通用教材.第三册.行政法与行政诉讼法/兰燕卓编著.-北京:中国政法大学出版社,2024 |
| 283页;26cm |
| 法大法考 兰燕卓讲行政法 |
| ISBN 978-7-5764-1273-4:CNY62.00 |
| 本书为行政法与行政诉讼法部分。第一章:行政法基础理论,第二章:行政行为理论,第三章:公务员法,第四章:行政处罚(行政处罚的总则、行政处罚的种类与设定、行政处罚的程序、治安管理处罚法),第五章:行政许可,第六章:行政强制法,第七章:政府信息公开条例,第八章:行政复议法,第九章:行政诉讼法,第十章:国家赔偿法(国家赔偿的构成要件与归责原则、行政赔偿、刑事赔偿、国家赔偿的方式和标准。本书严格按照国家统一法律职业资格考试大纲编撰,体系完整,编排得当,重点突出。全书渗透着参编教师多年的教学经验,体现着对法律职业资格考试规律和应考学科知识的深刻理解和把握。 |
| ● |
| 相关链接 |
|
|
|
|
正题名:2024年国家法律职业资格考试通用教材
索取号:D9/920:3
 
预约/预借
| 序号 | 登录号 | 条形码 | 馆藏地/架位号 | 状态 | 备注 |
| 1 | 1413190 | 214131900 | 第一样本阅览室/ [索取号:D9/920:3] | 在馆 | |
| 2 | 1413191 | 214131919 | 第一借阅区/ [索取号:D9/920:3] | 在馆 | |
| 3 | 1413192 | 214131928 | 第一借阅区/ [索取号:D9/920:3] | 在馆 | |
| 4 | 1413193 | 214131937 | 第一借阅区/ [索取号:D9/920:3] | 在馆 | |
| 5 | 1413194 | 214131946 | 第一借阅区/ [索取号:D9/920:3] | 在馆 |